[Event "Caioba Copel op 5th"]
[Site "Caioba"]
[Date "2019.08.15"]
[Round "1"]
[White "Mainardes, Christian Junior"]
[Black "Macedo, Felipe Cruz"]
[Result "1-0"]
[WhiteElo "1738"]
[BlackElo "1080"]
[PlyCount "53"]
[EventDate "2019.08.15"]
[EventType "swiss"]
[EventRounds "6"]
[EventCountry "BRA"]
[SourceTitle "EXT 2020"]
[Source "ChessBase"]
[SourceDate "2019.10.17"]
[SourceVersion "1"]
[SourceVersionDate "2019.10.17"]
[SourceQuality "1"]

1. e4 e5 2. d4 exd4 3. c3 dxc3 4. Bc4 Bb4 5. Bxf7+ Kxf7 6. Qb3+ Ke8 7. Qxb4 cxb2 8. Bxb2 Nf6 9. Nd2 Nc6 10. Qb3 d6 11. Ngf3 Rb8 12. 0-0 Na5 13. Qc2 Be6 14. Rad1 Nc6 15. Rfe1 a6 16. e5 dxe5 17. Nxe5 Nxe5 18. Rxe5 Kf7 19. Nf3 Qe7 20. Ng5+ Kf8 21. Nxe6+ Kg8 22. Ng5 Qb4 23. Qxc7 Rf8 24. Re7 Qxe7 25. Qxe7 h6 26. Qe6+ Rf7 27. Qxf7# 1-0

[Event "Paranaense-ch U20"]
[Site "Pirai do Sul"]
[Date "2019.07.14"]
[Round "5.8"]
[White "Macedo, Felipe Cruz"]
[Black "Grigoli, Leonardo"]
[Result "1-0"]
[WhiteElo "1800"]
[BlackElo "1071"]
[PlyCount "131"]
[EventDate "2019.07.12"]
[EventType "swiss"]
[EventRounds "6"]
[EventCountry "BRA"]
[SourceTitle "EXT 2022"]
[Source "ChessBase"]
[SourceDate "2021.10.06"]
[SourceVersion "1"]
[SourceVersionDate "2021.10.06"]
[SourceQuality "1"]

1. e4 e5 2. Nf3 Nc6 3. Bc4 Nf6 4. Ng5 d5 5. exd5 Nxd5 6. Nxf7 Kxf7 7. Qf3+ Qf6 8. Bxd5+ Ke7 9. Qxf6+ gxf6 10. Bxc6 bxc6 11. Nc3 Ke6 12. d3 Bb4 13. Bd2 Bb7 14. a3 Ba5 15. Ne4 Bxd2+ 16. Kxd2 Kd5 17. Nxf6+ Kc5 18. Ne4+ Kb6 19. f3 Rad8 20. Ke3 Rd7 21. a4 a5 22. Rhe1 Rhd8 23. Nf6 Rf7 24. Ng4 Rg7 25. Re2 Rdg8 26. Rg1 Re8 27. Kd2 Rge7 28. Rge1 Rg8 29. Nxe5 Reg7 30. Rg1 c5 31. Nc4+ Ka6 32. Ne3 Bxf3 33. Rf2 Bc6 34. g3 Bxa4 35. b3 Bc6 36. Rf6 Kb7 37. Nc4 Bd7 38. Nxa5+ Kc8 39. Rgf1 c6 40. Rf8+ Rxf8 41. Rxf8+ Kc7 42. Nc4 Re7 43. Rf6 Bg4 44. Rf2 Re8 45. Kc3 h5 46. Rf7+ Kb8 47. Rh7 Re2 48. h3 Bf3 49. Rf7 Bd5 50. Rf5 h4 51. gxh4 Rh2 52. h5 Rxh3 53. Nb6 Bf3 54. Rxc5 Rxh5 55. Rxh5 Bxh5 56. b4 Bd1 57. Kd2 Bf3 58. c4 Kb7 59. Nd7 Kc7 60. Ne5 Bg2 61. d4 Kd6 62. Ng4 Bh3 63. Ne3 Kc7 64. d5 cxd5 65. Nxd5+ Kd6 66. Kd3 1-0

[Event "Paranaense-ch U20"]
[Site "Pirai do Sul"]
[Date "2019.07.12"]
[Round "1.6"]
[White "Macedo, Felipe Cruz"]
[Black "De Oliveira, Wythor Rogerio"]
[Result "0-1"]
[WhiteElo "1800"]
[BlackElo "1463"]
[PlyCount "56"]
[EventDate "2019.07.12"]
[EventType "swiss"]
[EventRounds "6"]
[EventCountry "BRA"]
[SourceTitle "EXT 2022"]
[Source "ChessBase"]
[SourceDate "2021.10.06"]
[SourceVersion "1"]
[SourceVersionDate "2021.10.06"]
[SourceQuality "1"]

1. e4 e5 2. Nf3 Nc6 3. Bc4 Bc5 4. 0-0 d6 5. h3 Be6 6. Bb3 h6 7. d3 Nf6 8. Be3 Bb6 9. Nc3 Qd7 10. Kh2 g5 11. Qd2 g4 12. hxg4 Bxb3 13. axb3 Qxg4 14. Bxh6 Qh5+ 15. Kg1 Rxh6 16. Qxh6 Qxh6 17. g3 Nd4 18. Nxd4 Bxd4 19. Nb5 Ng4 20. Kg2 0-0-0 21. Nxa7+ Bxa7 22. Rxa7 Rh8 23. Ra8+ Kd7 24. Ra7 Qh3+ 25. Kf3 Qxf1 26. Kxg4 Qxf2 27. Rxb7 Rg8+ 28. Kh5 Qh2# 0-1